header

Triumph of a time lord (Record no. 239036)

MARC details
000 -LEADER
fixed length control field 01171nam a2200277 a 4500
100 1# - MAIN ENTRY--AUTHOR NAME
Personal name Hills, Matt.
245 10 - TITLE STATEMENT
Title Triumph of a time lord
260 ## - PUBLICATION, DISTRIBUTION, ETC. (IMPRINT)
Place of publication London :
Name of publisher I.B.Tauris,
Year of publication 2010.
300 ## - PHYSICAL DESCRIPTION
Number of Pages x, 261 p.
505 0# - FORMATTED CONTENTS NOTE
Formatted contents note pt. 1. Fans and producers -- pt. 2. Genre and format -- pt. 3. Quality and mainstream TV.
650 #0 - SUBJECT ADDED ENTRY--TOPICAL TERM
Topical Term Television programs.
856 40 - ELECTRONIC LOCATION AND ACCESS
Uniform Resource Identifier http://site.ebrary.com/lib/rucke/Doc?id=10424535

No items available.

© 2026 Rongo University
Contact us: librarian | system librarian | Rongo university